[Event "CN Feminino 2023-24"]
[Site "Famalicão POR"]
[Date "2024.05.30"]
[Round "1.1"]
[White "Silva, Mariana"]
[Black "Barbosa, Sandra"]
[Result "1-0"]
[WhiteElo "1971"]
[BlackElo "1642"]
[WhiteFideId "1911899"]
[BlackFideId "1972545"]
[WhiteTitle "WCM"]
[PlyCount "55"]
[EventDate "2024.??.??"]

1. d4 d5 2. c4 e6 3. Nf3 Nf6 4. g3 g6 5. Bg2 Bg7 6. O-O Nbd7 7. Qd3 O-O 8. Nc3
b6 9. cxd5 exd5 10. Bf4 c6 11. Rac1 Re8 12. Ne5 Nxe5 13. Bxe5 a5 14. Qd2 Bf5 15.
h3 Ne4 16. Nxe4 dxe4 17. Bxg7 Kxg7 18. Rxc6 Ra7 19. d5 Bd7 20. Qd4+ Kg8 21. Rxb6
f5 22. Rxg6+ hxg6 23. Qxa7 a4 24. Rc1 Re7 25. Rc7 Kf8 26. d6 Rf7 27. Qd4 Kg8 28.
e3 1-0

[Event "CN Feminino 2023-24"]
[Site "Famalicão POR"]
[Date "2024.05.30"]
[Round "1.2"]
[White "Albuquerque, Rita"]
[Black "Silva, Ana Ines"]
[Result "0-1"]
[WhiteElo "1637"]
[BlackElo "1914"]
[WhiteFideId "1975480"]
[BlackFideId "1932543"]
[BlackTitle "WFM"]
[PlyCount "82"]
[EventDate "2024.??.??"]

1. d4 d5 2. Nf3 Nf6 3. Bf4 e6 4. c3 Bd6 5. e3 O-O 6. Bd3 c5 7. O-O Qc7 8. Bxd6
Qxd6 9. Ne5 Nc6 10. f4 cxd4 11. exd4 Ne4 12. Nd2 f5 13. Ndf3 a6 14. Nxc6 bxc6
15. Ne5 c5 16. Bxe4 fxe4 17. Rc1 a5 18. Qd2 Ba6 19. Rf2 Rfd8 20. f5 exf5 21.
Rxf5 Rf8 22. g4 Rxf5 23. gxf5 Qf6 24. Qf2 Qg5+ 25. Ng4 Qxg4+ 26. Kh1 Be2 27. Qg3
Qxg3 28. hxg3 c4 29. Rc2 Bg4 30. Kg1 Bxf5 31. Re2 Bg4 32. Re3 Rb8 33. b4 cxb3
34. axb3 Rxb3 35. Kf1 a4 36. Ke1 a3 37. Kd2 a2 38. Re1 Rb1 39. Rxb1 axb1=Q 40.
c4 Qd3+ 41. Ke1 Qe2# 0-1

[Event "CN Feminino 2023-24"]
[Site "Famalicão POR"]
[Date "2024.05.30"]
[Round "1.3"]
[White "Duque, Raquel"]
[Black "Matos, Maria Rita"]
[Result "1-0"]
[WhiteElo "1877"]
[BlackElo "1511"]
[WhiteFideId "1945890"]
[BlackFideId "1969935"]
[PlyCount "53"]
[EventDate "2024.??.??"]

1. c4 e6 2. Nf3 Nf6 3. Nc3 Be7 4. e4 d6 5. d4 O-O 6. Bd3 c5 7. O-O Nc6 8. dxc5
dxc5 9. e5 Nd7 10. Qe2 Nd4 11. Nxd4 cxd4 12. Qe4 f5 13. Qxd4 Bc5 14. Qf4 Qe8 15.
Nb5 Qg6 16. Be2 a6 17. Qh4 f4 18. Bh5 Qf5 19. Nc7 Rb8 20. Bg4 Qxe5 21. Nxe6 Rf6
22. Bxf4 Rxf4 23. Nxf4 Qxf4 24. Be6+ Kh8 25. Qxf4 Ra8 26. Qf7 h6 27. Qg8# 1-0

[Event "CN Feminino 2023-24"]
[Site "Famalicão POR"]
[Date "2024.05.30"]
[Round "1.4"]
[White "Melo, Luisa Campos"]
[Black "Avelino, Camila"]
[Result "0-1"]
[WhiteElo "1509"]
[BlackElo "1853"]
[WhiteFideId "1968394"]
[BlackFideId "1938975"]
[PlyCount "92"]
[EventDate "2024.??.??"]

1. e4 e5 2. Nf3 Nc6 3. Bc4 Nf6 4. Ng5 d5 5. exd5 Na5 6. Bb5+ c6 7. dxc6 bxc6 8.
Qf3 h6 9. Ne4 cxb5 10. Nxf6+ gxf6 11. Qxa8 Qd7 12. Qf3 Bb7 13. Qxf6 Rg8 14.
Qxe5+ Be7 15. Rg1 Nc6 16. Qxb5 Nd4 17. Qxd7+ Kxd7 18. Na3 Bxa3 19. Rb1 Bd6 20.
Rh1 Bxg2 21. Rf1 Bxf1 22. Kxf1 Bxh2 23. f4 Nxc2 24. d3 Rg1+ 25. Kf2 Nb4 26. d4
Nd3+ 27. Ke3 Rxc1 28. Rxc1 Nxc1 29. a3 Bxf4+ 30. Kxf4 Nd3+ 31. Ke3 Nxb2 32. Ke4
Kd6 33. Ke3 Nc4+ 34. Kd3 Nxa3 35. Ke3 Nb5 36. Kd3 h5 37. Ke3 h4 38. Kf3 a5 39.
Kg4 a4 40. Kxh4 a3 41. Kg5 a2 42. Kf6 a1=Q 43. Kxf7 Qxd4 44. Kf8 Ke6 45. Kg8 Qh4
46. Kf8 Qh8# 0-1

[Event "CN Feminino 2023-24"]
[Site "Famalicão POR"]
[Date "2024.05.30"]
[Round "1.5"]
[White "Ryabukhina, Verokina"]
[Black "Frolova, Alisa"]
[Result "1-0"]
[WhiteElo "1829"]
[BlackElo "1485"]
[WhiteFideId "24288020"]
[BlackFideId "1970526"]
[PlyCount "75"]
[EventDate "2024.??.??"]

1. d4 d5 2. c4 c6 3. Nc3 Nf6 4. e3 e6 5. Nf3 Bb4 6. Bd3 Bxc3+ 7. bxc3 O-O 8. O-O
Qc7 9. a4 b5 10. cxb5 cxb5 11. Ba3 Re8 12. Bxb5 Bd7 13. Qd3 a6 14. Bxd7 Nbxd7
15. Rfc1 Qc6 16. a5 e5 17. Nd2 exd4 18. cxd4 Qb7 19. Rab1 Qa7 20. Rc2 Rab8 21.
Rcb2 Rxb2 22. Rxb2 Qc7 23. Qxa6 Ng4 24. Nf1 h6 25. Qd6 Qa7 26. Qxd5 Ngf6 27. Rb7
Qa6 28. Qb5 Qe6 29. a6 Ra8 30. a7 Qe8 31. Bd6 Qe6 32. Rb8+ Rxb8 33. axb8=Q+ Nxb8
34. Qxb8+ Kh7 35. Bg3 h5 36. f3 g5 37. Qe5 Kg6 38. e4 1-0

[Event "CN Feminino 2023-24"]
[Site "Famalicão POR"]
[Date "2024.05.30"]
[Round "1.6"]
[White "Ribeiro, Margarida"]
[Black "Soares, Sara"]
[Result "0-1"]
[WhiteElo "1465"]
[BlackElo "1823"]
[WhiteFideId "1960725"]
[BlackFideId "1948172"]
[BlackTitle "WNM"]
[PlyCount "74"]
[EventDate "2024.??.??"]

1. e4 e6 2. d4 d5 3. exd5 exd5 4. Nf3 Nc6 5. Bb5 Bd6 6. Nc3 Nge7 7. Qe2 O-O 8.
O-O f6 9. Re1 Bg4 10. h3 Nxd4 11. Qd3 Nxf3+ 12. gxf3 Bf5 13. Qd1 c6 14. Bf1 Qd7
15. h4 Rae8 16. Be3 b6 17. Rc1 Ng6 18. h5 Nf4 19. Bxf4 Bxf4 20. Ra1 Rxe1 21.
Qxe1 Bxc2 22. Bg2 Re8 23. Qf1 Qe6 24. Bh3 Qe5 25. Bg4 Qg5 26. Kh1 Qh4+ 27. Qh3
Qxh3+ 28. Bxh3 f5 29. Bf1 Bd2 30. Kg2 Re1 31. Rxe1 Bxe1 32. Ba6 d4 33. Ne2 d3
34. Kf1 Ba5 35. Nc3 Bxc3 36. bxc3 d2 37. Be2 Bd3 0-1

[Event "CN Feminino 2023-24"]
[Site "Famalicão POR"]
[Date "2024.05.30"]
[Round "1.7"]
[White "Monteiro, Sara"]
[Black "Vieira, Beatriz"]
[Result "1-0"]
[WhiteElo "1819"]
[BlackElo "1439"]
[WhiteFideId "1909860"]
[BlackFideId "1970011"]
[WhiteTitle "WCM"]
[PlyCount "54"]
[EventDate "2024.??.??"]

1. d4 d5 2. Nf3 Nf6 3. Bg5 e6 4. e3 Be7 5. Bd3 O-O 6. c4 dxc4 7. Bxc4 b6 8. O-O
Ba6 9. Nbd2 c5 10. Rc1 cxd4 11. Nxd4 Bb7 12. N2f3 Nbd7 13. Qe2 Rc8 14. Rfd1 Qe8
15. Bb5 Rxc1 16. Rxc1 Qd8 17. a3 Nc5 18. b4 Nce4 19. Bc4 Qc8 20. Rc2 Qa8 21. Bf4
Bd6 22. Bxd6 Nxd6 23. Bb3 Bxf3 24. Nxf3 Rc8 25. Qd3 Rd8 26. Qa6 Nde4 27. Rc7 Ng4
1-0

[Event "CN Feminino 2023-24"]
[Site "Famalicão POR"]
[Date "2024.05.30"]
[Round "2.1"]
[White "Soares, Sara"]
[Black "Silva, Mariana"]
[Result "0-1"]
[WhiteElo "1823"]
[BlackElo "1971"]
[WhiteFideId "1948172"]
[BlackFideId "1911899"]
[WhiteTitle "WNM"]
[BlackTitle "WCM"]
[PlyCount "94"]
[EventDate "2024.??.??"]

1. d4 d5 2. c4 e6 3. Nc3 a6 4. Qc2 dxc4 5. e3 b5 6. a4 b4 7. Nce2 c5 8. Qxc4
cxd4 9. Nxd4 Bb7 10. Bd2 Bd5 11. Qc2 Nf6 12. Ngf3 Bd6 13. Bc4 O-O 14. O-O Nbd7
15. Bxd5 Nxd5 16. e4 Ne7 17. Rfe1 Rc8 18. Qd1 Qc7 19. Rc1 Qb7 20. Bg5 Rxc1 21.
Qxc1 Nc5 22. Qc2 Rc8 23. e5 Bb8 24. Bxe7 Qxe7 25. Nb3 Rc7 26. Nxc5 Rxc5 27. Qe2
a5 28. g3 h6 29. Rd1 Qc7 30. Kg2 Rc2 31. Rd2 b3 32. Qd3 Qc6 33. Kg1 Rc1+ 34. Rd1
Rxd1+ 35. Qxd1 Qb7 36. Qd8+ Kh7 37. Qd3+ g6 38. Qc3 Qd5 39. Qe3 Bc7 40. Qf4 Qd7
41. Qc4 Qd1+ 42. Kg2 Qc2 43. Qf4 Kg7 44. Qd4 Qc6 45. Kg1 Qxf3 46. Qc5 Qd1+ 47.
Kg2 Qd5+ 0-1

[Event "CN Feminino 2023-24"]
[Site "Famalicão POR"]
[Date "2024.05.30"]
[Round "2.2"]
[White "Silva, Ana Ines"]
[Black "Monteiro, Sara"]
[Result "1-0"]
[WhiteElo "1914"]
[BlackElo "1819"]
[WhiteFideId "1932543"]
[BlackFideId "1909860"]
[WhiteTitle "WFM"]
[BlackTitle "WCM"]
[PlyCount "87"]
[EventDate "2024.??.??"]

1. e4 c6 2. d4 d5 3. exd5 cxd5 4. Bd3 Nc6 5. c3 g6 6. h3 Bg7 7. Nf3 Nf6 8. O-O
O-O 9. Bf4 Re8 10. Re1 a6 11. a4 Nd7 12. Nbd2 e5 13. dxe5 Ndxe5 14. Nxe5 Nxe5
15. Nf3 Nxf3+ 16. Qxf3 Be6 17. Be5 Qg5 18. Bxg7 Kxg7 19. Rad1 Rac8 20. Re3 Re7
21. Bc2 Rd7 22. Bb3 Rcd8 23. Rd4 Qf5 24. Qxf5 Bxf5 25. a5 Kf8 26. g4 Be6 27. Rb4
d4 28. cxd4 Rxd4 29. Rxb7 Bxb3 30. Rexb3 Ra4 31. Rf3 f5 32. gxf5 Rxa5 33. fxg6+
Kg8 34. gxh7+ Kh8 35. Kh2 Ra8 36. Rff7 Ra2 37. f4 a5 38. Kg3 a4 39. Kg4 a3 40.
bxa3 R2xa3 41. h4 Rg3+ 42. Kh5 Ra5+ 43. f5 Rg5+ 44. hxg5 1-0

[Event "CN Feminino 2023-24"]
[Site "Famalicão POR"]
[Date "2024.05.30"]
[Round "2.3"]
[White "Valente, Sofia"]
[Black "Duque, Raquel"]
[Result "1/2-1/2"]
[WhiteElo "1805"]
[BlackElo "1877"]
[WhiteFideId "1953494"]
[BlackFideId "1945890"]
[PlyCount "88"]
[EventDate "2024.??.??"]

1. d4 Nf6 2. c4 e6 3. Nf3 Bb4+ 4. Bd2 Qe7 5. e3 a5 6. Bd3 Bxd2+ 7. Qxd2 d6 8.
O-O O-O 9. Nc3 e5 10. e4 c6 11. d5 Na6 12. h3 Nh5 13. Rfd1 Nf4 14. Bf1 c5 15.
Kh2 f5 16. Qe3 Nb4 17. Rd2 h6 18. a3 Na6 19. Bd3 Nc7 20. Bc2 Qf7 21. exf5 Bxf5
22. Bxf5 Qxf5 23. Ne4 Qh5 24. Ng3 Qg6 25. Qe4 Qf7 26. Ne2 Nxe2 27. Rxe2 Qd7 28.
Nd2 Rf4 29. Qe3 Raf8 30. Ne4 Ne8 31. Qc3 a4 32. Rae1 Nf6 33. Nxf6+ R8xf6 34. f3
b5 35. Re4 Qb7 36. Qa5 Rxe4 37. Rxe4 bxc4 38. Qd8+ Kh7 39. Rxc4 Qa6 40. Rg4 Rg6
41. Rxg6 Kxg6 42. Qe8+ Kh7 43. Qc6 Qc4 44. Qxd6 Qf4+ 1/2-1/2

[Event "CN Feminino 2023-24"]
[Site "Famalicão POR"]
[Date "2024.05.30"]
[Round "2.4"]
[White "Avelino, Camila"]
[Black "Areal, Beatriz"]
[Result "1-0"]
[WhiteElo "1853"]
[BlackElo "1755"]
[WhiteFideId "1938975"]
[BlackFideId "1949110"]
[PlyCount "51"]
[EventDate "2024.??.??"]

1. e4 c5 2. Nf3 Nc6 3. d4 cxd4 4. Nxd4 g6 5. Nc3 Bg7 6. Be3 Nf6 7. Bc4 O-O 8.
Bb3 Re8 9. f4 d6 10. Qf3 Na5 11. h3 b6 12. Ba4 Nd7 13. O-O Ba6 14. Rf2 Nc4 15.
Nc6 Qc8 16. Nd5 Bf8 17. f5 Nce5 18. Nxe5 Nxe5 19. Qg3 b5 20. Bb3 Bg7 21. fxg6
hxg6 22. Raf1 b4 23. Rxf7 Nxf7 24. Qxg6 Bxf1 25. Nf6+ exf6 26. Qxf7+ 1-0

[Event "CN Feminino 2023-24"]
[Site "Famalicão POR"]
[Date "2024.05.30"]
[Round "2.5"]
[White "Almeida, Marta Dias"]
[Black "Ryabukhina, Verokina"]
[Result "1/2-1/2"]
[WhiteElo "1709"]
[BlackElo "1829"]
[WhiteFideId "1956060"]
[BlackFideId "24288020"]
[PlyCount "100"]
[EventDate "2024.??.??"]

1. d4 d5 2. c4 e6 3. Nf3 Nf6 4. Nc3 Be7 5. cxd5 exd5 6. Bg5 Nbd7 7. e3 O-O 8.
Bd3 b6 9. O-O Bb7 10. Rc1 a6 11. Qe2 Ne4 12. Bxe7 Qxe7 13. Rfd1 f5 14. Nd2 Ndf6
15. f3 Nd6 16. b4 Rfe8 17. Re1 Qd7 18. Qf2 c6 19. Na4 Qd8 20. Nb3 Nd7 21. Nb2
Qf6 22. Qd2 Rec8 23. a4 a5 24. bxa5 c5 25. dxc5 Nxc5 26. Nxc5 bxc5 27. a6 Bxa6
28. Bxa6 Rxa6 29. Qxd5+ Kh8 30. Nc4 Nf7 31. a5 Rac6 32. Qd3 Ne5 33. Nxe5 Qxe5
34. Qb5 Qc7 35. a6 Rb6 36. Qc4 Qc6 37. Red1 h6 38. Rd5 Qe6 39. Rd3 Rxa6 40. Qxe6
Rxe6 41. Kf2 g6 42. Rc4 Kg7 43. Rdc3 Rec6 44. Ke2 Kf6 45. g3 Ke6 46. e4 fxe4 47.
Rxe4+ Kf6 48. Rf4+ Ke5 49. Re4+ Kf6 50. Rf4+ Ke5 1/2-1/2

[Event "CN Feminino 2023-24"]
[Site "Famalicão POR"]
[Date "2024.05.30"]
[Round "2.6"]
[White "Barbosa, Sandra"]
[Black "Correia, Margarida"]
[Result "0-1"]
[WhiteElo "1642"]
[BlackElo "1677"]
[WhiteFideId "1972545"]
[BlackFideId "1971204"]
[PlyCount "74"]
[EventDate "2024.??.??"]

1. e4 e5 2. Nf3 Nc6 3. Bb5 a6 4. Ba4 b5 5. Bb3 Be7 6. c3 Nf6 7. d3 d6 8. h3 O-O
9. O-O h6 10. Re1 Bd7 11. Nbd2 Qc8 12. Nf1 a5 13. d4 Rb8 14. dxe5 dxe5 15. Ng3
Rd8 16. Qe2 a4 17. Bc2 Bd6 18. Bd3 Ne7 19. Bd2 Re8 20. b3 c5 21. c4 b4 22. Nh4
Ra8 23. Nhf5 Nxf5 24. Nxf5 Bxf5 25. exf5 e4 26. Bc2 Be5 27. Rab1 axb3 28. Bxb3
Qxf5 29. Be3 Bc3 30. Red1 Rad8 31. g4 Qe5 32. Rxd8 Rxd8 33. Rd1 Rxd1+ 34. Qxd1
Bd4 35. h4 Bxe3 36. fxe3 Qg3+ 37. Kf1 Nxg4 0-1

[Event "CN Feminino 2023-24"]
[Site "Famalicão POR"]
[Date "2024.05.30"]
[Round "2.7"]
[White "Vieira, Beatriz"]
[Black "Albuquerque, Rita"]
[Result "1-0"]
[WhiteElo "1439"]
[BlackElo "1637"]
[WhiteFideId "1970011"]
[BlackFideId "1975480"]
[PlyCount "119"]
[EventDate "2024.??.??"]

1. e4 c6 2. d4 d5 3. Nc3 dxe4 4. Nxe4 Nf6 5. Nxf6+ exf6 6. Nf3 Bf5 7. c3 Bd6 8.
Bd3 Bg6 9. Be3 Nd7 10. Nh4 O-O 11. Nxg6 hxg6 12. Qd2 Re8 13. O-O Qc7 14. g3 c5
15. dxc5 Nxc5 16. Bxc5 Bxc5 17. Rfe1 Red8 18. Qc2 f5 19. Bf1 f4 20. Bg2 fxg3 21.
hxg3 Qxg3 22. Kf1 Qf4 23. Rad1 Rf8 24. Bxb7 Rab8 25. Bd5 g5 26. Rd3 g4 27. Rg3
Rfe8 28. Rxe8+ Rxe8 29. Kg2 Rd8 30. c4 Rd6 31. f3 gxf3+ 32. Rxf3 Rg6+ 33. Qxg6
Qd2+ 34. Kh3 Qxd5 35. cxd5 fxg6 36. a3 a5 37. Rb3 Kf8 38. Rb5 Bd4 39. b3 Bc3 40.
b4 axb4 41. axb4 Ke7 42. Rb6 g5 43. b5 Bd4 44. Rc6 Be5 45. Kg4 Kd7 46. Kxg5 Bh2
47. Kg6 Be5 48. Kf5 Bd6 49. b6 Bh2 50. b7 Bb8 51. Rc8 Bd6 52. b8=Q Bxb8 53. Rxb8
Kc7 54. Rg8 Kd6 55. Ke4 g5 56. Rxg5 Kd7 57. Ke5 Ke7 58. Rg7+ Kd8 59. Kd6 Ke8 60.
Ke6 1-0

[Event "CN Feminino 2023-24"]
[Site "Famalicão POR"]
[Date "2024.05.31"]
[Round "3.1"]
[White "Silva, Mariana"]
[Black "Avelino, Camila"]
[Result "1-0"]
[WhiteElo "1971"]
[BlackElo "1853"]
[WhiteFideId "1911899"]
[BlackFideId "1938975"]
[WhiteTitle "WCM"]
[PlyCount "75"]
[EventDate "2024.??.??"]

1. d4 Nf6 2. c4 g6 3. Nc3 Bg7 4. e4 d6 5. Be2 O-O 6. h4 e5 7. d5 Na6 8. h5 c6 9.
hxg6 fxg6 10. Be3 cxd5 11. cxd5 Qa5 12. Qd2 Bd7 13. f3 Nc5 14. Rb1 Qc7 15. Nh3
Bxh3 16. Rxh3 Nh5 17. b4 Na6 18. Bxa6 bxa6 19. Ne2 Rac8 20. Rc1 Qb7 21. Kf2 Rxc1
22. Nxc1 Nf4 23. Rh1 Rc8 24. Nb3 Qb5 25. Rd1 Rc4 26. a3 Qa4 27. Qb2 Rc7 28. g3
Nh5 29. Rd2 Rf7 30. Kg2 Qe8 31. Rc2 Qf8 32. Qc1 Qe7 33. Rc8+ Rf8 34. Rxf8+ Bxf8
35. Qc8 Ng7 36. Na5 Ne8 37. Nc6 Qc7 38. Qxe8 1-0

[Event "CN Feminino 2023-24"]
[Site "Famalicão POR"]
[Date "2024.05.31"]
[Round "3.2"]
[White "Correia, Margarida"]
[Black "Silva, Ana Ines"]
[Result "0-1"]
[WhiteElo "1677"]
[BlackElo "1914"]
[WhiteFideId "1971204"]
[BlackFideId "1932543"]
[BlackTitle "WFM"]
[PlyCount "94"]
[EventDate "2024.??.??"]

1. e4 e5 2. Nf3 Nc6 3. d4 exd4 4. Nxd4 Nf6 5. Nxc6 bxc6 6. e5 Qe7 7. Qe2 Nd5 8.
c4 Ba6 9. b3 g6 10. f4 Bg7 11. Qf2 Nb6 12. Ba3 Qe6 13. Be2 f6 14. Nd2 fxe5 15.
fxe5 Qxe5 16. Rc1 O-O-O 17. O-O Bh6 18. Nf3 Qa5 19. Bb2 Rhe8 20. Rc3 Qxa2 21.
Bd1 Qa5 22. Rd3 Qf5 23. Bc2 Qxd3 24. Bxd3 Be3 25. Bf6 Bxf2+ 26. Kxf2 d5 27. Bxd8
Rxd8 28. Ra1 Kb7 29. Rxa6 Kxa6 30. c5+ Ka5 31. cxb6 cxb6 32. Nd4 Rd6 33. Ke3 Kb4
34. Bc2 Kc3 35. Bd1 a6 36. Ne2+ Kb4 37. Kd3 c5 38. Kc2 d4 39. Nc1 b5 40. Nd3+
Ka5 41. Kb2 c4 42. bxc4 bxc4 43. Ne5 Kb4 44. Bf3 d3 45. Ng4 c3+ 46. Kc1 Kb3 47.
Be4 Rd4 0-1

[Event "CN Feminino 2023-24"]
[Site "Famalicão POR"]
[Date "2024.05.31"]
[Round "3.3"]
[White "Duque, Raquel"]
[Black "Almeida, Marta Dias"]
[Result "1-0"]
[WhiteElo "1877"]
[BlackElo "1709"]
[WhiteFideId "1945890"]
[BlackFideId "1956060"]
[PlyCount "59"]
[EventDate "2024.??.??"]

1. c4 c6 2. Nf3 d5 3. e3 Nf6 4. b3 e6 5. Be2 Nbd7 6. Bb2 Bd6 7. d4 O-O 8. O-O
Re8 9. Ne5 Qc7 10. f4 b6 11. Nd2 Bb7 12. Ndf3 Ne4 13. Rc1 f6 14. Ng4 Qd8 15. Nd2
Nxd2 16. Qxd2 Qe7 17. Bd3 c5 18. Rce1 a5 19. f5 e5 20. cxd5 e4 21. Bb5 Red8 22.
Bc6 Nb8 23. Bxb7 Qxb7 24. Qc2 Qxd5 25. dxc5 Rc8 26. Rd1 Qxc5 27. Qxe4 Rc6 28.
Rc1 Qb5 29. Qe8+ Bf8 30. Ba3 1-0

[Event "CN Feminino 2023-24"]
[Site "Famalicão POR"]
[Date "2024.05.31"]
[Round "3.4"]
[White "Ryabukhina, Verokina"]
[Black "Valente, Sofia"]
[Result "1-0"]
[WhiteElo "1829"]
[BlackElo "1805"]
[WhiteFideId "24288020"]
[BlackFideId "1953494"]
[PlyCount "123"]
[EventDate "2024.??.??"]

1. d4 Nf6 2. c4 c5 3. d5 e6 4. Nc3 exd5 5. cxd5 d6 6. e4 g6 7. h3 Bg7 8. Nf3 O-O
9. Bd3 b5 10. Nxb5 Re8 11. O-O Nxe4 12. Re1 Nf6 13. Rxe8+ Nxe8 14. Bg5 Qd7 15.
Nc3 Ba6 16. Rb1 Nf6 17. Bf4 Qe7 18. a3 c4 19. Bf1 Nfd7 20. Be3 Ne5 21. Nxe5 Bxe5
22. Qa4 Qb7 23. Bh6 Nd7 24. Bxc4 Bxc4 25. Qxc4 Rc8 26. Qd3 Nc5 27. Qf3 Bg7 28.
Bxg7 Kxg7 29. Qf4 Qb6 30. Qf3 Re8 31. b4 Nd7 32. Ne2 Ne5 33. Qc3 Kg8 34. Nd4 h6
35. a4 Qa6 36. Qb3 Qb6 37. Nc2 Qc7 38. Ne3 Rc8 39. a5 Rb8 40. Qb2 Nd3 41. Qd4
Ne5 42. f4 Nd7 43. f5 Ne5 44. fxg6 fxg6 45. Ng4 Qc2 46. Rf1 Nxg4 47. Qxg4 Re8
48. Qd7 Qe4 49. Qf7+ Kh8 50. Qf6+ Kg8 51. Qxd6 Qe3+ 52. Kh1 Qd3 53. Qf6 Qe2 54.
Qxg6+ Kh8 55. Qxh6+ Kg8 56. Qg6+ Kh8 57. Qf6+ Kg8 58. d6 a6 59. d7 Kh7 60. Qf7+
Kh6 61. Rf6+ Kg5 62. Qg7+ 1-0

[Event "CN Feminino 2023-24"]
[Site "Famalicão POR"]
[Date "2024.05.31"]
[Round "3.5"]
[White "Melo, Luisa Campos"]
[Black "Soares, Sara"]
[Result "0-1"]
[WhiteElo "1509"]
[BlackElo "1823"]
[WhiteFideId "1968394"]
[BlackFideId "1948172"]
[BlackTitle "WNM"]
[PlyCount "68"]
[EventDate "2024.??.??"]

1. e4 e6 2. d4 d5 3. Nc3 Nf6 4. Bd3 c5 5. dxc5 Bxc5 6. exd5 exd5 7. Nge2 O-O 8.
O-O h6 9. Nf4 Nc6 10. Ncxd5 Ne5 11. Nxf6+ Qxf6 12. Nd5 Qh4 13. Ne3 Rd8 14. Qe2
Nxd3 15. cxd3 Bd7 16. Rd1 Bb5 17. Nf5 Qf6 18. Qg4 Bxf2+ 19. Kxf2 Bxd3 20. Rxd3
Rxd3 21. Kg1 Kh8 22. Qh5 Rd5 23. Bg5 Qxf5 24. h4 Qg6 25. Qxg6 fxg6 26. Bf4 Rf8
27. g3 Rc8 28. b3 Rc2 29. Kf1 Rd3 30. Ke1 Rf3 31. Kd1 Rff2 32. Bd2 Rfxd2+ 33.
Ke1 Rh2 34. Rd1 Rh1# 0-1

[Event "CN Feminino 2023-24"]
[Site "Famalicão POR"]
[Date "2024.05.31"]
[Round "3.6"]
[White "Monteiro, Sara"]
[Black "Frolova, Alisa"]
[Result "1-0"]
[WhiteElo "1819"]
[BlackElo "1485"]
[WhiteFideId "1909860"]
[BlackFideId "1970526"]
[WhiteTitle "WCM"]
[PlyCount "89"]
[EventDate "2024.??.??"]

1. d4 d5 2. Nf3 Nc6 3. Bg5 Nf6 4. e3 Bg4 5. Be2 e6 6. O-O Bxf3 7. Bxf3 Be7 8.
Nd2 O-O 9. c4 h6 10. Bh4 a6 11. Rc1 Qd7 12. Re1 b5 13. cxd5 exd5 14. a3 a5 15.
Qb3 b4 16. Bxf6 Bxf6 17. Qxd5 Qxd5 18. Bxd5 bxa3 19. bxa3 Ra7 20. Bxc6 Be7 21.
a4 Ba3 22. Rc2 Bb4 23. Rb1 Ra6 24. Bb5 Ra7 25. Ne4 Rc8 26. Rc6 Rd8 27. Rbc1 Bd6
28. Nxd6 cxd6 29. Rc8 Ra8 30. Rxa8 Rxa8 31. Rc6 Rd8 32. Ra6 Rc8 33. g3 Rc1+ 34.
Kg2 Rc2 35. Rxd6 Kf8 36. Ra6 Ke7 37. Rxa5 Rc7 38. Ra8 Rb7 39. e4 Kd6 40. Kf3 Re7
41. Ra6+ Kc7 42. Ra7+ Kd6 43. e5+ Ke6 44. Bc4+ Kf5 45. Rxe7 1-0

[Event "CN Feminino 2023-24"]
[Site "Famalicão POR"]
[Date "2024.05.31"]
[Round "3.7"]
[White "Areal, Beatriz"]
[Black "Vieira, Beatriz"]
[Result "1-0"]
[WhiteElo "1755"]
[BlackElo "1439"]
[WhiteFideId "1949110"]
[BlackFideId "1970011"]
[PlyCount "53"]
[EventDate "2024.??.??"]

1. e4 c5 2. c4 d6 3. Nc3 Nf6 4. g3 g6 5. Bg2 Bg7 6. Nge2 O-O 7. O-O Nc6 8. d3
Rb8 9. f4 Bd7 10. f5 Qc8 11. fxg6 hxg6 12. Nf4 Be8 13. Nfd5 Nd7 14. Bh3 Qd8 15.
Be3 Nd4 16. Bg5 Nc6 17. Qd2 Bxc3 18. Nxc3 f6 19. Bh6 Rf7 20. Be6 g5 21. Bxg5
fxg5 22. Qxg5+ Kf8 23. Qh6+ Kg8 24. Qg6+ Kh8 25. Bxf7 Bxf7 26. Rxf7 Nf6 27. Qg7#
1-0

[Event "CN Feminino 2023-24"]
[Site "Famalicão POR"]
[Date "2024.05.31"]
[Round "3.8"]
[White "Ribeiro, Margarida"]
[Black "Matos, Maria Rita"]
[Result "1-0"]
[WhiteElo "1465"]
[BlackElo "1511"]
[WhiteFideId "1960725"]
[BlackFideId "1969935"]
[PlyCount "115"]
[EventDate "2024.??.??"]

1. e4 e5 2. Nf3 Nc6 3. Bb5 a6 4. Ba4 Nf6 5. d3 b5 6. Bb3 Be7 7. O-O O-O 8. Re1
d6 9. c3 Bg4 10. Nbd2 Qd7 11. Nf1 a5 12. Ng3 a4 13. Bc2 d5 14. h3 Be6 15. Be3
dxe4 16. dxe4 Qxd1 17. Rexd1 b4 18. Bd2 bxc3 19. Bxc3 Bd6 20. Bd3 Ne7 21. Bxe5
Bxe5 22. Nxe5 Rab8 23. Rd2 Rfd8 24. a3 c5 25. Rad1 h6 26. Bc4 Rxd2 27. Rxd2 Bxc4
28. Nxc4 Nc6 29. e5 Ne8 30. Ne4 Rb5 31. Ncd6 Nxd6 32. exd6 c4 33. d7 Nd8 34. Nc3
Rb8 35. Nxa4 Ne6 36. Nc5 Nd8 37. Kf1 Nc6 38. Ke1 Kf8 39. Na6 Ra8 40. Nb4 Nd8 41.
Re2 Ne6 42. Nc6 f6 43. Rxe6 Kf7 44. Re7+ Kg6 45. d8=Q Rxd8 46. Nxd8 h5 47. Ne6
Kf5 48. Nxg7+ Kg6 49. Ne8 Kf5 50. f3 Kg6 51. g4 hxg4 52. fxg4 Kg5 53. Kf2 Kh4
54. Rh7+ Kg5 55. Kg3 f5 56. Rg7+ Kh6 57. g5+ Kh5 58. Nf6# 1-0

[Event "CN Feminino 2023-24"]
[Site "Famalicão POR"]
[Date "2024.06.01"]
[Round "4.1"]
[White "Silva, Ana Ines"]
[Black "Silva, Mariana"]
[Result "1-0"]
[WhiteElo "1914"]
[BlackElo "1971"]
[WhiteFideId "1932543"]
[BlackFideId "1911899"]
[WhiteTitle "WFM"]
[BlackTitle "WCM"]
[PlyCount "95"]
[EventDate "2024.??.??"]

1. d4 d5 2. Nc3 c5 3. Bf4 cxd4 4. Qxd4 Nf6 5. e4 Nc6 6. Bb5 dxe4 7. Qxd8+ Kxd8
8. O-O-O+ Ke8 9. Nge2 Bg4 10. h3 Bxe2 11. Nxe2 a6 12. Bxc6+ bxc6 13. Rhe1 Nd5
14. Bh2 e3 15. f3 e6 16. Nf4 Bc5 17. c4 Nb6 18. Nd3 Bd4 19. b3 Rd8 20. Ne5 c5
21. Nc6 Rd7 22. Nxd4 cxd4 23. Be5 d3 24. Rxe3 f6 25. Bc3 Ke7 26. Rexd3 Rxd3 27.
Rxd3 Rc8 28. Kd2 Rc6 29. Bb4+ Kf7 30. Rd6 Rxd6+ 31. Bxd6 e5 32. Kd3 Ke6 33. Bc5
Nd7 34. Be3 Kd6 35. b4 f5 36. a4 Nf6 37. b5 axb5 38. axb5 Kc7 39. c5 Nd5 40. Bd2
Kb7 41. Kc4 Ne7 42. Ba5 Ng6 43. c6+ Kc8 44. b6 e4 45. fxe4 fxe4 46. Kc5 Ne5 47.
Kd5 Ng6 48. Kd6 1-0

[Event "CN Feminino 2023-24"]
[Site "Famalicão POR"]
[Date "2024.06.01"]
[Round "4.2"]
[White "Ryabukhina, Verokina"]
[Black "Duque, Raquel"]
[Result "1/2-1/2"]
[WhiteElo "1829"]
[BlackElo "1877"]
[WhiteFideId "24288020"]
[BlackFideId "1945890"]
[PlyCount "80"]
[EventDate "2024.??.??"]

1. d4 Nf6 2. c4 e6 3. Nf3 Bb4+ 4. Bd2 Qe7 5. g3 b6 6. Bg2 Bb7 7. O-O Bxd2 8.
Qxd2 O-O 9. Nc3 d6 10. d5 e5 11. e4 a5 12. Ne1 Na6 13. Nd3 Nd7 14. Rad1 Nac5 15.
Nxc5 Nxc5 16. f4 a4 17. Qc2 Qd7 18. fxe5 dxe5 19. Ra1 Qe7 20. Ne2 Ba6 21. b4
axb3 22. axb3 Nb7 23. Nc1 Qc5+ 24. Kh1 Bxc4 25. Rxa8 Bxf1 26. Rxf8+ Kxf8 27.
Qxc5+ Nxc5 28. Bxf1 Nxe4 29. Bc4 Ke7 30. b4 Kd6 31. Ne2 f6 32. Kg2 c6 33. dxc6
Kxc6 34. Bd3 Kd5 35. Ba6 Nd6 36. Nc3+ Kd4 37. Ne2+ Ke3 38. Nc3 Kd4 39. Ne2+ Kd5
40. Nc3+ Kd4 1/2-1/2